<?xml version="1.0" encoding="UTF-8"?>
<record
    xmlns:xsi="http://www.w3.org/2001/XMLSchema-instance"
    xsi:schemaLocation="http://www.loc.gov/MARC21/slim http://www.loc.gov/standards/marcxml/schema/MARC21slim.xsd"
    xmlns="http://www.loc.gov/MARC21/slim">

  <leader>00405nam a22001577a 4500</leader>
  <controlfield tag="005">20260306101943.0</controlfield>
  <controlfield tag="008">260306b        |||||||| |||| 00| 0 eng d</controlfield>
  <datafield tag="020" ind1=" " ind2=" ">
    <subfield code="a">978-1-5287-1598-0</subfield>
  </datafield>
  <datafield tag="050" ind1=" " ind2=" ">
    <subfield code="a">PS 3513 .I25 G53 2019</subfield>
    <subfield code="b">1</subfield>
  </datafield>
  <datafield tag="100" ind1=" " ind2=" ">
    <subfield code="a">GIBRAN ,KAHLIL</subfield>
  </datafield>
  <datafield tag="245" ind1=" " ind2=" ">
    <subfield code="a">THE EARTH GODS</subfield>
  </datafield>
  <datafield tag="260" ind1=" " ind2=" ">
    <subfield code="a">BRITISH</subfield>
    <subfield code="b">READ BOOKS LIMITED</subfield>
    <subfield code="c">2019</subfield>
  </datafield>
  <datafield tag="300" ind1=" " ind2=" ">
    <subfield code="a">28P;ILL</subfield>
  </datafield>
  <datafield tag="650" ind1=" " ind2=" ">
    <subfield code="a">THE EARTH GODS</subfield>
  </datafield>
  <datafield tag="942" ind1=" " ind2=" ">
    <subfield code="2">lcc</subfield>
    <subfield code="c">BK</subfield>
  </datafield>
  <datafield tag="999" ind1=" " ind2=" ">
    <subfield code="c">216796</subfield>
    <subfield code="d">216796</subfield>
  </datafield>
  <datafield tag="952" ind1=" " ind2=" ">
    <subfield code="0">0</subfield>
    <subfield code="1">0</subfield>
    <subfield code="2">lcc</subfield>
    <subfield code="4">0</subfield>
    <subfield code="6">PS3513 I25 G53  02019</subfield>
    <subfield code="7">0</subfield>
    <subfield code="8">ARTS</subfield>
    <subfield code="9">376193</subfield>
    <subfield code="a">KSUL</subfield>
    <subfield code="b">KSUL</subfield>
    <subfield code="c">DISPLAY</subfield>
    <subfield code="d">2026-03-06</subfield>
    <subfield code="i">111988</subfield>
    <subfield code="l">0</subfield>
    <subfield code="o">PS 3513 .I25 G53 2019</subfield>
    <subfield code="p">A000122</subfield>
    <subfield code="r">2026-03-06 10:23:00</subfield>
    <subfield code="t">1</subfield>
    <subfield code="w">2026-03-06</subfield>
    <subfield code="y">BK</subfield>
  </datafield>
  <datafield tag="952" ind1=" " ind2=" ">
    <subfield code="0">0</subfield>
    <subfield code="1">0</subfield>
    <subfield code="2">lcc</subfield>
    <subfield code="4">0</subfield>
    <subfield code="6">PS3513 I25 G53  02019</subfield>
    <subfield code="7">0</subfield>
    <subfield code="8">ARTS</subfield>
    <subfield code="9">376195</subfield>
    <subfield code="a">KSUL</subfield>
    <subfield code="b">KSUL</subfield>
    <subfield code="c">DISPLAY</subfield>
    <subfield code="d">2026-03-06</subfield>
    <subfield code="i">111989</subfield>
    <subfield code="l">0</subfield>
    <subfield code="o">PS 3513 .I25 G53 2019</subfield>
    <subfield code="p">A000121</subfield>
    <subfield code="r">2026-03-06 10:23:00</subfield>
    <subfield code="t">2</subfield>
    <subfield code="w">2026-03-06</subfield>
    <subfield code="y">BK</subfield>
  </datafield>
  <datafield tag="952" ind1=" " ind2=" ">
    <subfield code="0">0</subfield>
    <subfield code="1">0</subfield>
    <subfield code="2">lcc</subfield>
    <subfield code="4">0</subfield>
    <subfield code="6">PS3513 I25 G53  02019</subfield>
    <subfield code="7">0</subfield>
    <subfield code="8">ARTS</subfield>
    <subfield code="9">376198</subfield>
    <subfield code="a">KSUL</subfield>
    <subfield code="b">KSUL</subfield>
    <subfield code="c">DISPLAY</subfield>
    <subfield code="d">2026-03-06</subfield>
    <subfield code="i">111990</subfield>
    <subfield code="l">0</subfield>
    <subfield code="o">PS 3513 .I25 G53 2019</subfield>
    <subfield code="p">A000124</subfield>
    <subfield code="r">2026-03-06 10:23:00</subfield>
    <subfield code="t">3</subfield>
    <subfield code="w">2026-03-06</subfield>
    <subfield code="y">BK</subfield>
  </datafield>
  <datafield tag="952" ind1=" " ind2=" ">
    <subfield code="0">0</subfield>
    <subfield code="1">0</subfield>
    <subfield code="2">lcc</subfield>
    <subfield code="4">0</subfield>
    <subfield code="6">PS3513 I25 G53  02019</subfield>
    <subfield code="7">0</subfield>
    <subfield code="8">ARTS</subfield>
    <subfield code="9">376202</subfield>
    <subfield code="a">KSUL</subfield>
    <subfield code="b">KSUL</subfield>
    <subfield code="c">DISPLAY</subfield>
    <subfield code="d">2026-03-06</subfield>
    <subfield code="i">111991</subfield>
    <subfield code="l">0</subfield>
    <subfield code="o">PS 3513 .I25 G53 2019</subfield>
    <subfield code="p">A000123</subfield>
    <subfield code="r">2026-03-06 10:23:00</subfield>
    <subfield code="t">4</subfield>
    <subfield code="w">2026-03-06</subfield>
    <subfield code="y">BK</subfield>
  </datafield>
</record>
